Fungal enzymes (Record no. 241439)

MARC details
000 -LEADER
fixed length control field 04014nam a22002657a 4500
005 - DATE AND TIME OF LATEST TRANSACTION
control field 20260516124149.0
008 - FIXED-LENGTH DATA ELEMENTS--GENERAL INFORMATION
fixed length control field 260515b |||||||| |||| 00| 0 eng d
020 ## - INTERNATIONAL STANDARD BOOK NUMBER
International Standard Book Number 9781466594548
040 ## - CATALOGING SOURCE
Transcribing agency AL
041 ## - LANGUAGE CODE
Language code of text/sound track or separate title eng
082 ## - DEWEY DECIMAL CLASSIFICATION NUMBER
Classification number 579.5
Item number LOUF
100 ## - MAIN ENTRY--PERSONAL NAME
Personal name Maria De Lourdes and others Ed
100 ## - MAIN ENTRY--PERSONAL NAME
9 (RLIN) 264028
245 ## - TITLE STATEMENT
Title Fungal enzymes
260 ## - PUBLICATION, DISTRIBUTION, ETC.
Place of publication, distribution, etc. Boca Raton
Name of publisher, distributor, etc. CRC Press
Date of publication, distribution, etc. 2013
300 ## - PHYSICAL DESCRIPTION
Extent x,454p
Other physical details HB
Dimensions 24x16cm
520 ## - SUMMARY, ETC.
Summary, etc. Among the roughly 30,000 species of fish, migratory species account for only 165 species, but most of them are very important fisheries resources. This book presents up-to-date innovative research results on the physiology and ecology of fish migration. It focuses on salmon, eels, lampreys, and bluefin tuna. The book examines migratory behavior, spawning, and behavioral ecology.
521 ## - TARGET AUDIENCE NOTE
Target audience note Table of Contents<br/>1. Biotechnological Advances in Fungal Invertases 1<br/> Marina Kimiko Kadowaki, Rita de Cássia Garcia Simão,<br/>Jose Luís da Conceição Silva,Clarice Aoki Osaku and<br/>Luis Henrique Souza Guimarães<br/> 2. Application of Lignocelulosic Residues in the Production 31<br/>of Cellulase and Hemicellulases from Fungi<br/> Michele Michelin, Maria de Lourdes T.M. Polizeli,<br/>Denise S. Ruzene, Daniel P. Silva and José A. Teixeira<br/> 3. Biodegradation of Vinasse: Fungal Lignolytic Enzymes 65<br/>and their Application in the Bioethanol Industry<br/> Luiz Fernando R. Ferreira, Ana Maria Q. Lopez,<br/>Regina T.R. Monteiro, Denise S. Ruzene and Daniel P. Silva<br/> 4. Proteolytic Enzymes: Biochemical Properties, Production 94<br/>and Biotechnological Application<br/> Fabiana F. Zanoelo, Giovana C. Giannesi and Hamilton Cabral<br/> 5. Fungal Laccases: Structure, Function and Application 113<br/> Alessandra Piscitelli, Cinzia Pezzella, Vincenzo Lettera,<br/>Paola Giardina, Vincenza Faraco and Giovanni Sannia<br/> 6. Fungal Amylases: Applications and Functional Properties 152<br/> Tony Marcio da Silva<br/> 7. Regulation of Plant Cell Wall Degrading Enzymes 173<br/>Formation in Filamentous Fungi<br/> Roberto N. Silva<br/> 8. Fungal Phytases: Production, Properties and 214<br/>Biotechnological Application<br/> Alexandre Maller and Simone de Carvalho Peixoto-Nogueira<br/>© 2014 by Taylor & Francis Group, LLC<br/>x Fungal Enzymes<br/>9. Mannan-Degrading Enzyme System 233<br/> Andrezza Furquim da Cruz<br/> 10. Ligninolytic Enzymes from White-rot Fungi and 258<br/>Application in the Removal of Synthetic Dyes<br/> Gisele Cristina dos Santos Bazanella, Caroline Aparecida Vaz Araújo,<br/>Rafael Castoldi, Giselle Maria Maciel, Fabíola Dorneles Inácio, Cristina<br/>Giatti Marques de Souza, Adelar Bracht and Rosane Marina Peralta<br/> 11. The Role of α-Glucuronidases in the Deconstruction of 280<br/>Plant Cell Wall Structure<br/> Antonielle Vieira Monclaro and Edivaldo Ximenes Ferreira Filho<br/>12. Biotechnological Applications of Lipases in Biodiesel 294<br/>Production<br/> Antonio Carlos Ferreira Batista, Tiago Almeida Silva,<br/>Andressa Tironi Vieira and Marcelo Firmino de Oliveira<br/> 13. Pectinases Produced by Microorganisms: Properties and 316<br/>Applications<br/> Maria de Lourdes Teixeira de Moraes Polizeli, André Ricardo<br/>de Lima Damásio, Alexandre Maller, Hamilton Cabral,<br/>Aline Moraes Polizeli and Mahendra Rai<br/> 14. Improving Fungal Enzyme Properties through Protein 341<br/>Engineering<br/> Lucas Ferreira Ribeiro and Liliane Fraga Costa Ribeiro<br/> 15. Genetic Tools for Production of Proteins in Fungi 367<br/> Estela Y. Valencia and Felipe S. Chambergo<br/> 16. Lipases: Imperative Fat-degrading Enzymes 392<br/> Fernanda Dell Antonio Facchini, Marita Gimenez Pereira<br/>and Ana Claudia Vici<br/> 17. Fungal Amylase: Production System 423<br/> Heloiza Ferreira Alves do Prado, Aline Aparecida dos Reis, Erica<br/>Aparecida de Oliveira Santos and Raisa Deli de Oliveira Sanches<br/>Index 437<br/>About the Editors 447<br/>Color Plate Section 449<br/>
650 ## - SUBJECT ADDED ENTRY--TOPICAL TERM
Topical term or geographic name entry element Biotechnology
9 (RLIN) 263990
650 ## - SUBJECT ADDED ENTRY--TOPICAL TERM
Topical term or geographic name entry element Fungal Amylase
9 (RLIN) 263991
650 ## - SUBJECT ADDED ENTRY--TOPICAL TERM
Topical term or geographic name entry element Lipases
9 (RLIN) 263992
650 ## - SUBJECT ADDED ENTRY--TOPICAL TERM
Topical term or geographic name entry element Phytases
9 (RLIN) 263993
700 ## - ADDED ENTRY--PERSONAL NAME
Personal name Polizeli T M Ed
9 (RLIN) 263994
700 ## - ADDED ENTRY--PERSONAL NAME
Personal name Rai, Mahendra Ed
9 (RLIN) 263995
942 ## - ADDED ENTRY ELEMENTS (KOHA)
Source of classification or shelving scheme Dewey Decimal Classification
Koha item type Book
Holdings
Withdrawn status Lost status Source of classification or shelving scheme Damaged status Not for loan Collection code Home library Current library Date acquired Source of acquisition Cost, normal purchase price Total Checkouts Full call number Barcode Date last seen Uniform Resource Identifier Cost, replacement price Price effective from Koha item type
    Dewey Decimal Classification   Reference Book Bio Chemistry St Aloysius Library St Aloysius Library 03/17/2026 Biblios Book Point Surathkal Mangalore 575014 6396.00   579.5 LOUF 078129 05/15/2026 https://www.scribd.com/document/862413453/Fungal-Enzymes 8200.00 03/14/2026 Book